| 000 | 00453 a2200157 4500 | ||
|---|---|---|---|
| 005 | 20250626064613.0 | ||
| 020 | _a-13:978-0-13-500932-1 | ||
| 082 | _a658.800183 LAU | ||
| 100 | _aLOUDON, K. C. | ||
| 245 | _aE- Commerce: Business, Technology, Society. | ||
| 250 | _a4th Ed. | ||
| 260 |
_aNew York, _bPearson Prentice Hall, _c2008. |
||
| 300 |
_axxxiv, 809p.: ill, figure, table _b Index & References _c26cm |
||
| 700 | _aTRAVER, C. G. | ||
| 942 |
_2ddc _cBKS |
||
| 999 |
_c5199 _d5199 |
||